[Event "DEM U10 2024"]
[Site "Willingen GER"]
[Date "2024.05.22"]
[Round "6"]
[White "Jung, Michael"]
[Black "Elli, Emeric"]
[Result "0-1"]
[Termination "normal"]
[Board "17"]
[WhiteElo "1363"]
[BlackElo "1164"]
[WhiteClock "00:45:13"]
[BlackClock "00:38:42"]
[PlyCount "126"]
[WhiteFideId "34673873"]
[BlackFideId "533001790"]
[EventCountry "GER"]
[EventRounds "11"]
[EventType "swiss"]
[EventDate "2024.05.18"]

1. d4 {[%clk 01:15:57]} {[%emt 00:00:02]} d5 {[%clk 01:15:50]} {[%emt
00:00:10]} 2. c4 {[%emt 00:00:24]} e6 {[%clk 01:15:52]} {[%emt 00:00:11]} 3.
Nc3 {[%clk 01:16:42]} {[%emt 00:00:07]} Nf6 {[%clk 01:16:09]} {[%emt 00:00:13]}
4. Bf4 {[%clk 01:16:59]} {[%emt 00:00:13]} Be7 {[%clk 01:16:10]} {[%emt
00:00:29]} 5. e3 {[%clk 01:17:13]} {[%emt 00:00:17]} b6 {[%clk 01:16:11]}
{[%emt 00:00:30]} 6. Nf3 {[%clk 01:17:20]} {[%emt 00:00:21]} O-O {[%clk
01:15:41]} {[%emt 00:01:01]} 7. Bd3 {[%clk 01:17:40]} {[%emt 00:00:10]} dxc4
{[%clk 01:16:03]} {[%emt 00:00:09]} 8. Bxc4 {[%clk 01:18:00]} {[%emt 00:00:09]}
Bb7 {[%clk 01:15:37]} {[%emt 00:00:57]} 9. O-O {[%clk 01:16:52]} {[%emt
00:01:37]} c5 {[%clk 01:15:15]} {[%emt 00:00:52]} 10. Nb5 {[%clk 01:15:00]}
{[%emt 00:02:23]} Nbd7 {[%clk 01:13:49]} {[%emt 00:01:55]} 11. Nd6 {[%clk
01:13:09]} {[%emt 00:02:21]} Bd5 {[%clk 01:11:37]} {[%emt 00:02:42]} 12. Bxd5
{[%clk 01:11:14]} {[%emt 00:02:25]} Nxd5 {[%clk 01:10:15]} {[%emt 00:01:51]}
13. Bg3 {[%clk 01:09:32]} {[%emt 00:02:12]} N7f6 {[%clk 01:10:20]} {[%emt
00:00:26]} 14. Nb5 {[%clk 01:09:26]} {[%emt 00:00:36]} Ne4 {[%clk 01:09:55]}
{[%emt 00:00:54]} 15. Rc1 {[%clk 01:04:59]} {[%emt 00:04:57]} a6 {[%clk
01:07:27]} {[%emt 00:03:00]} 16. Nc3 {[%clk 01:03:16]} {[%emt 00:02:13]} Nxg3
{[%clk 01:07:18]} {[%emt 00:00:38]} 17. hxg3 {[%clk 01:03:30]} {[%emt
00:00:16]} Nb4 {[%clk 01:07:17]} {[%emt 00:00:31]} 18. a3 {[%clk 01:02:43]}
{[%emt 00:01:17]} Nd5 {[%clk 01:07:26]} {[%emt 00:00:21]} 19. Ne5 {[%clk
01:02:49]} {[%emt 00:00:23]} Bd6 {[%clk 01:06:35]} {[%emt 00:01:22]} 20. Nc4
{[%clk 01:01:34]} {[%emt 00:01:45]} Bc7 {[%clk 01:05:52]} {[%emt 00:01:13]} 21.
Kh2 {[%clk 00:57:51]} {[%emt 00:04:12]} Qh4+ {[%clk 01:03:22]} {[%emt
00:02:55]} 22. Kg1 {[%clk 00:57:26]} {[%emt 00:01:01]} Qg5 {[%clk 01:02:52]}
{[%emt 00:01:00]} 23. Ne4 {[%clk 00:56:31]} {[%emt 00:01:25]} Qd8 {[%clk
01:02:12]} {[%emt 00:01:10]} 24. dxc5 {[%clk 00:56:19]} {[%emt 00:00:42]} bxc5
{[%clk 01:01:37]} {[%emt 00:01:05]} 25. Nxc5 {[%clk 00:55:57]} {[%emt
00:00:52]} Qf6 {[%clk 00:56:55]} {[%emt 00:05:12]} 26. Nd7 {[%clk 00:55:31]}
{[%emt 00:00:56]} Qg6 {[%clk 00:56:04]} {[%emt 00:01:21]} 27. Nxf8 {[%clk
00:55:30]} {[%emt 00:00:31]} Rxf8 {[%clk 00:56:19]} {[%emt 00:00:15]} 28. e4
{[%clk 00:55:21]} {[%emt 00:00:38]} Qxe4 {[%clk 00:55:22]} {[%emt 00:01:27]}
29. Re1 {[%clk 00:55:25]} {[%emt 00:00:26]} Qg6 {[%clk 00:55:22]} {[%emt
00:00:30]} 30. Ne5 {[%clk 00:53:45]} {[%emt 00:02:11]} Qf5 {[%clk 00:54:41]}
{[%emt 00:01:11]} 31. Nd3 {[%clk 00:53:24]} {[%emt 00:00:51]} Rd8 {[%clk
00:51:50]} {[%emt 00:03:19]} 32. Nb4 {[%clk 00:49:49]} {[%emt 00:04:06]} Bb6
{[%clk 00:45:02]} {[%emt 00:07:18]} 33. Nxd5 {[%clk 00:48:37]} {[%emt
00:01:42]} Qxf2+ {[%clk 00:44:11]} {[%emt 00:01:21]} 34. Kh2 {[%clk 00:47:58]}
{[%emt 00:01:06]} exd5 {[%clk 00:44:07]} {[%emt 00:00:37]} 35. Qxd5 {[%clk
00:48:00]} {[%emt 00:00:28]} g6 {[%clk 00:42:44]} {[%emt 00:01:54]} 36. Qe5
{[%clk 00:47:39]} {[%emt 00:00:48]} Bd4 {[%clk 00:42:19]} {[%emt 00:00:57]} 37.
Rf1 {[%clk 00:47:09]} {[%emt 00:01:00]} Qxf1 {[%clk 00:41:56]} {[%emt
00:00:54]} 38. Qg5 {[%clk 00:42:50]} {[%emt 00:04:49]} Qf6 {[%clk 00:40:24]}
{[%emt 00:02:01]} 39. Qa5 {[%clk 00:42:18]} {[%emt 00:01:02]} Bxb2 {[%clk
00:39:28]} {[%emt 00:01:26]} 40. Rb1 {[%clk 00:41:39]} {[%emt 00:01:10]} Be5
{[%clk 00:36:21]} {[%emt 00:03:36]} 41. Rb6 {[%clk 00:41:23]} {[%emt 00:00:47]}
Bc7 {[%clk 00:36:17]} {[%emt 00:00:33]} 42. Rxf6 {[%clk 00:41:19]} {[%emt
00:00:35]} Bxa5 {[%clk 00:36:13]} {[%emt 00:00:34]} 43. Rxa6 {[%clk 00:41:31]}
{[%emt 00:00:18]} Be1 {[%clk 00:36:29]} {[%emt 00:00:11]} 44. a4 {[%clk
00:41:45]} {[%emt 00:00:18]} Rd5 {[%clk 00:36:45]} {[%emt 00:00:15]} 45. Ra8+
{[%clk 00:41:51]} {[%emt 00:00:24]} Kg7 {[%clk 00:37:07]} {[%emt 00:00:08]} 46.
g4 {[%clk 00:40:56]} {[%emt 00:01:25]} Ra5 {[%clk 00:36:59]} {[%emt 00:00:39]}
47. Re8 {[%clk 00:41:10]} {[%emt 00:00:15]} Bb4 {[%clk 00:36:43]} {[%emt
00:00:45]} 48. Re4 {[%clk 00:41:32]} {[%emt 00:00:08]} Rxa4 {[%clk 00:36:57]}
{[%emt 00:00:17]} 49. g3 {[%clk 00:41:36]} {[%emt 00:00:25]} Ra2+ {[%clk
00:37:19]} {[%emt 00:00:10]} 50. Kh3 {[%clk 00:42:00]} {[%emt 00:00:05]} Bd6
{[%clk 00:37:23]} {[%emt 00:00:26]} 51. Rd4 {[%clk 00:42:22]} {[%emt 00:00:08]}
Be7 {[%clk 00:37:41]} {[%emt 00:00:12]} 52. Re4 {[%clk 00:42:46]} {[%emt
00:00:06]} Bf6 {[%clk 00:37:34]} {[%emt 00:00:36]} 53. Rb4 {[%clk 00:42:55]}
{[%emt 00:00:21]} Ra3 {[%clk 00:37:18]} {[%emt 00:00:47]} 54. Rb5 {[%clk
00:43:10]} {[%emt 00:00:14]} g5 {[%clk 00:36:30]} {[%emt 00:01:19]} 55. Rb2
{[%clk 00:42:16]} {[%emt 00:01:23]} Bxb2 {[%clk 00:36:49]} {[%emt 00:00:12]}
56. Kg2 {[%clk 00:42:42]} {[%emt 00:00:04]} Kg6 {[%clk 00:37:04]} {[%emt
00:00:15]} 57. Kf1 {[%clk 00:43:02]} {[%emt 00:00:10]} f5 {[%clk 00:37:19]}
{[%emt 00:00:15]} 58. gxf5+ {[%clk 00:43:22]} {[%emt 00:00:09]} Kxf5 {[%clk
00:37:43]} {[%emt 00:00:07]} 59. Kg1 {[%clk 00:43:43]} {[%emt 00:00:08]} Rxg3+
{[%clk 00:37:41]} {[%emt 00:00:32]} 60. Kf2 {[%clk 00:44:05]} {[%emt 00:00:08]}
Kf4 {[%clk 00:37:46]} {[%emt 00:00:25]} 61. Ke1 {[%clk 00:44:24]} {[%emt
00:00:11]} Rg2 {[%clk 00:38:02]} {[%emt 00:00:14]} 62. Kd1 {[%clk 00:44:47]}
{[%emt 00:00:07]} Ke3 {[%clk 00:38:21]} {[%emt 00:00:11]} 63. Ke1 {[%clk
00:45:13]} {[%emt 00:00:04]} Rg1# {[%clk 00:38:42]} {[%emt 00:00:09]} 0-1

[Event "DEM U10 2024"]
[Site "Willingen GER"]
[Date "2024.05.22"]
[Round "6"]
[White "El-Issa, Erik"]
[Black "Fabritius, Wolf"]
[Result "1/2-1/2"]
[Termination "normal"]
[Board "18"]
[WhiteElo "1172"]
[BlackElo "1426"]
[WhiteClock "00:42:45"]
[BlackClock "00:50:17"]
[PlyCount "44"]
[WhiteFideId "533001782"]
[BlackFideId "34632603"]
[EventCountry "GER"]
[EventRounds "11"]
[EventType "swiss"]
[EventDate "2024.05.18"]

1. e4 {[%clk 01:15:58]} {[%emt 00:00:01]} e6 {[%clk 01:15:56]} {[%emt
00:00:05]} 2. d4 {[%clk 01:16:19]} {[%emt 00:00:09]} d5 {[%clk 01:16:20]}
{[%emt 00:00:06]} 3. Nd2 {[%clk 01:16:40]} {[%emt 00:00:09]} dxe4 {[%clk
01:16:42]} {[%emt 00:00:08]} 4. Nxe4 {[%clk 01:16:52]} {[%emt 00:00:17]} Bd7
{[%clk 01:17:04]} {[%emt 00:00:08]} 5. Nf3 {[%clk 01:16:59]} {[%emt 00:00:24]}
Bc6 {[%clk 01:17:28]} {[%emt 00:00:07]} 6. Bd3 {[%clk 01:16:44]} {[%emt
00:00:43]} Nd7 {[%clk 01:17:51]} {[%emt 00:00:07]} 7. c3 {[%clk 01:15:34]}
{[%emt 00:01:40]} Ngf6 {[%clk 01:14:31]} {[%emt 00:03:51]} 8. Qe2 {[%clk
01:11:57]} {[%emt 00:04:07]} Nxe4 {[%clk 01:14:20]} {[%emt 00:00:41]} 9. Bxe4
{[%clk 01:11:29]} {[%emt 00:00:57]} Bxe4 {[%clk 01:14:43]} {[%emt 00:00:08]}
10. Qxe4 {[%clk 01:11:34]} {[%emt 00:00:23]} c6 {[%clk 01:15:11]} {[%emt
00:00:04]} 11. O-O {[%clk 01:10:06]} {[%emt 00:01:57]} Nf6 {[%clk 01:15:38]}
{[%emt 00:00:03]} 12. Qc2 {[%clk 01:08:37]} {[%emt 00:01:56]} Bd6 {[%clk
01:15:55]} {[%emt 00:00:16]} 13. Bg5 {[%clk 01:07:12]} {[%emt 00:01:55]} O-O
{[%clk 01:15:34]} {[%emt 00:00:51]} 14. Qb3 {[%clk 01:00:08]} {[%emt 00:07:34]}
Rb8 {[%clk 01:10:26]} {[%emt 00:05:38]} 15. Rad1 {[%clk 00:56:58]} {[%emt
00:03:37]} h6 {[%clk 01:10:36]} {[%emt 00:00:23]} 16. Bh4 {[%clk 00:56:51]}
{[%emt 00:00:37]} Qe7 {[%clk 01:09:25]} {[%emt 00:01:40]} 17. Rfe1 {[%clk
00:56:06]} {[%emt 00:01:17]} Rfd8 {[%clk 01:09:42]} {[%emt 00:00:12]} 18. c4
{[%clk 00:53:41]} {[%emt 00:02:55]} g5 {[%clk 01:02:36]} {[%emt 00:07:36]} 19.
Bg3 {[%clk 00:50:55]} {[%emt 00:03:16]} Bxg3 {[%clk 01:00:17]} {[%emt
00:02:49]} 20. hxg3 {[%clk 00:50:36]} {[%emt 00:00:49]} Rd6 {[%clk 00:57:11]}
{[%emt 00:03:36]} 21. Qa3 {[%clk 00:42:45]} {[%emt 00:08:22]} b6 {[%clk
00:53:29]} {[%emt 00:04:12]} 22. Ne5 {[%emt 00:05:45]} Qc7 {[%clk 00:50:17]}
1/2-1/2

[Event "DEM U10 2024"]
[Site "Willingen GER"]
[Date "2024.05.22"]
[Round "6"]
[White "Menke, Xaver Louis"]
[Black "Jüngling, Leonard"]
[Result "0-1"]
[Termination "normal"]
[Board "19"]
[WhiteElo "1324"]
[BlackElo "1446"]
[WhiteClock "00:49:48"]
[BlackClock "00:16:31"]
[PlyCount "136"]
[WhiteFideId "34663134"]
[BlackFideId "34669116"]
[EventCountry "GER"]
[EventRounds "11"]
[EventType "swiss"]
[EventDate "2024.05.18"]

1. e4 {[%clk 01:15:55]} {[%emt 00:00:04]} e5 {[%clk 01:15:57]} {[%emt
00:00:03]} 2. Nf3 {[%clk 01:16:14]} {[%emt 00:00:11]} Nc6 {[%clk 01:16:22]}
{[%emt 00:00:06]} 3. Nc3 {[%clk 01:16:16]} {[%emt 00:00:27]} Nf6 {[%clk
01:16:25]} {[%emt 00:00:28]} 4. d4 {[%clk 01:15:59]} {[%emt 00:00:46]} exd4
{[%clk 01:14:47]} {[%emt 00:02:09]} 5. Nxd4 {[%clk 01:15:52]} {[%emt 00:00:35]}
Bc5 {[%clk 01:14:04]} {[%emt 00:01:16]} 6. Nxc6 {[%clk 01:13:44]} {[%emt
00:02:36]} dxc6 {[%clk 01:14:24]} {[%emt 00:00:11]} 7. Qxd8+ {[%clk 01:13:29]}
{[%emt 00:00:45]} Kxd8 {[%clk 01:14:41]} {[%emt 00:00:13]} 8. Bc4 {[%clk
01:12:56]} {[%emt 00:01:02]} Ke7 {[%clk 01:11:02]} {[%emt 00:04:10]} 9. Bg5
{[%clk 01:12:04]} {[%emt 00:01:20]} Be6 {[%clk 01:09:10]} {[%emt 00:02:24]} 10.
Bxe6 {[%clk 01:11:52]} {[%emt 00:00:41]} Kxe6 {[%clk 01:09:17]} {[%emt
00:00:23]} 11. O-O {[%clk 01:11:03]} {[%emt 00:01:19]} Rad8 {[%clk 01:05:30]}
{[%emt 00:04:18]} 12. Rad1 {[%clk 01:09:50]} {[%emt 00:01:35]} b5 {[%clk
00:52:28]} {[%emt 00:13:40]} 13. Rde1 {[%clk 01:06:26]} {[%emt 00:03:54]} h6
{[%clk 00:48:26]} {[%emt 00:04:32]} 14. Bf4 {[%clk 01:03:33]} {[%emt 00:03:21]}
Bb6 {[%clk 00:46:44]} {[%emt 00:02:14]} 15. e5 {[%clk 01:02:20]} {[%emt
00:01:43]} Nh5 {[%clk 00:45:49]} {[%emt 00:01:25]} 16. Be3 {[%clk 01:01:48]}
{[%emt 00:01:01]} Bxe3 {[%clk 00:45:21]} {[%emt 00:00:59]} 17. Rxe3 {[%clk
01:01:33]} {[%emt 00:00:45]} Rd2 {[%clk 00:44:40]} {[%emt 00:01:11]} 18. Rc1
{[%clk 01:01:24]} {[%emt 00:00:38]} Rhd8 {[%clk 00:43:47]} {[%emt 00:01:23]}
19. g3 {[%clk 01:01:05]} {[%emt 00:00:49]} b4 {[%clk 00:43:16]} {[%emt
00:01:01]} 20. Ne4 {[%clk 01:00:20]} {[%emt 00:01:16]} Rd1+ {[%clk 00:43:23]}
{[%emt 00:00:24]} 21. Re1 {[%clk 01:00:24]} {[%emt 00:00:23]} Rxc1 {[%clk
00:42:54]} {[%emt 00:01:00]} 22. Rxc1 {[%clk 01:00:44]} {[%emt 00:00:10]} Kxe5
{[%clk 00:42:28]} {[%emt 00:00:57]} 23. Re1 {[%clk 01:00:28]} {[%emt 00:00:45]}
Nf6 {[%clk 00:41:05]} {[%emt 00:01:54]} 24. Ng5+ {[%clk 01:00:22]} {[%emt
00:00:35]} Kf5 {[%clk 00:39:05]} {[%emt 00:02:30]} 25. Nf3 {[%clk 00:58:15]}
{[%emt 00:02:37]} Rd5 {[%clk 00:34:27]} {[%emt 00:05:08]} 26. Kg2 {[%clk
00:57:33]} {[%emt 00:01:11]} g5 {[%clk 00:32:06]} {[%emt 00:02:53]} 27. Ng1
{[%clk 00:55:40]} {[%emt 00:02:22]} Rd2 {[%clk 00:30:08]} {[%emt 00:02:29]} 28.
Nf3 {[%clk 00:55:33]} {[%emt 00:00:37]} Rd5 {[%clk 00:29:26]} {[%emt 00:01:12]}
29. Re2 {[%clk 00:54:01]} {[%emt 00:02:02]} a5 {[%clk 00:27:10]} {[%emt
00:02:46]} 30. Nd2 {[%clk 00:54:16]} {[%emt 00:00:15]} Rc5 {[%clk 00:21:18]}
{[%emt 00:06:21]} 31. Nb3 {[%clk 00:52:28]} {[%emt 00:02:19]} Rd5 {[%clk
00:19:46]} {[%emt 00:02:03]} 32. f3 {[%clk 00:51:34]} {[%emt 00:01:23]} a4
{[%clk 00:19:06]} {[%emt 00:01:10]} 33. g4+ {[%clk 00:50:55]} {[%emt 00:01:08]}
Kg6 {[%clk 00:18:09]} {[%emt 00:01:28]} 34. Nd2 {[%clk 00:50:52]} {[%emt
00:00:33]} h5 {[%clk 00:17:13]} {[%emt 00:01:25]} 35. gxh5+ {[%clk 00:50:51]}
{[%emt 00:00:29]} Nxh5 {[%clk 00:17:34]} {[%emt 00:00:11]} 36. Rf2 {[%clk
00:50:48]} {[%emt 00:00:32]} Re5 {[%clk 00:14:57]} {[%emt 00:03:09]} 37. Kf1
{[%clk 00:50:10]} {[%emt 00:01:08]} f5 {[%clk 00:13:47]} {[%emt 00:01:39]} 38.
Nc4 {[%clk 00:49:30]} {[%emt 00:01:10]} Rc5 {[%clk 00:13:14]} {[%emt 00:01:03]}
39. Ne3 {[%clk 00:49:38]} {[%emt 00:00:23]} Nf4 {[%clk 00:12:27]} {[%emt
00:01:17]} 40. Rd2 {[%clk 00:47:45]} {[%emt 00:02:22]} Nd5 {[%clk 00:10:01]}
{[%emt 00:02:57]} 41. Nxd5 {[%clk 00:47:31]} {[%emt 00:00:43]} Rxd5 {[%clk
00:10:24]} {[%emt 00:00:07]} 42. Re2 {[%clk 00:47:35]} {[%emt 00:00:26]} Rd1+
{[%clk 00:10:41]} {[%emt 00:00:13]} 43. Re1 {[%clk 00:47:04]} {[%emt 00:01:02]}
Rxe1+ {[%clk 00:11:06]} {[%emt 00:00:05]} 44. Kxe1 {[%clk 00:47:23]} {[%emt
00:00:10]} Kf6 {[%clk 00:11:33]} {[%emt 00:00:03]} 45. Ke2 {[%clk 00:47:44]}
{[%emt 00:00:09]} Ke5 {[%clk 00:11:31]} {[%emt 00:00:32]} 46. Ke3 {[%clk
00:47:37]} {[%emt 00:00:37]} c5 {[%clk 00:11:50]} {[%emt 00:00:12]} 47. f4+
{[%clk 00:46:09]} {[%emt 00:01:57]} gxf4+ {[%clk 00:11:59]} {[%emt 00:00:22]}
48. Kf3 {[%clk 00:46:32]} {[%emt 00:00:06]} c4 {[%clk 00:11:28]} {[%emt
00:01:02]} 49. h4 {[%clk 00:46:51]} {[%emt 00:00:10]} b3 {[%clk 00:11:53]}
{[%emt 00:00:05]} 50. cxb3 {[%clk 00:46:25]} {[%emt 00:00:57]} cxb3 {[%clk
00:12:05]} {[%emt 00:00:18]} 51. a3 {[%clk 00:46:25]} {[%emt 00:00:29]} c5
{[%clk 00:12:22]} {[%emt 00:00:13]} 52. h5 {[%clk 00:46:49]} {[%emt 00:00:06]}
c4 {[%clk 00:11:40]} {[%emt 00:01:14]} 53. h6 {[%clk 00:47:12]} {[%emt
00:00:06]} Kf6 {[%clk 00:12:06]} {[%emt 00:00:04]} 54. h7 {[%clk 00:46:59]}
{[%emt 00:00:42]} Kg7 {[%clk 00:12:32]} {[%emt 00:00:05]} 55. h8=Q+ {[%emt
00:00:47]} Kxh8 {[%emt 00:00:07]} 56. Ke2 {[%clk 00:46:20]} {[%emt 00:00:14]}
c3 {[%clk 00:12:48]} {[%emt 00:00:15]} 57. bxc3 {[%clk 00:46:18]} {[%emt
00:00:32]} b2 {[%clk 00:13:11]} {[%emt 00:00:06]} 58. c4 {[%clk 00:46:38]}
{[%emt 00:00:10]} Kg8 {[%clk 00:13:28]} {[%emt 00:00:13]} 59. c5 {[%clk
00:46:51]} {[%emt 00:00:17]} Kf8 {[%clk 00:13:49]} {[%emt 00:00:09]} 60. c6
{[%clk 00:47:12]} {[%emt 00:00:09]} Ke8 {[%clk 00:14:06]} {[%emt 00:00:13]} 61.
Kd2 {[%clk 00:47:32]} {[%emt 00:00:10]} b1=Q {[%emt 00:00:15]} 62. c7 {[%clk
00:47:54]} {[%emt 00:00:07]} Kd7 {[%clk 00:14:42]} {[%emt 00:00:11]} 63. c8=Q+
{[%emt 00:00:16]} Kxc8 {[%clk 00:14:58]} {[%emt 00:00:09]} 64. Ke2 {[%clk
00:48:39]} {[%emt 00:00:04]} Qe4+ {[%clk 00:15:11]} {[%emt 00:00:16]} 65. Kf2
{[%clk 00:48:59]} {[%emt 00:00:10]} Kd7 {[%clk 00:15:24]} {[%emt 00:00:17]} 66.
Kg1 {[%clk 00:49:17]} {[%emt 00:00:13]} Qe2 {[%clk 00:15:38]} {[%emt 00:00:16]}
67. Kh1 {[%clk 00:49:33]} {[%emt 00:00:13]} f3 {[%clk 00:16:03]} {[%emt
00:00:04]} 68. Kg1 {[%clk 00:49:48]} {[%emt 00:00:15]} Qg2# {[%clk 00:16:31]}
{[%emt 00:00:03]} 0-1

[Event "DEM U10 2024"]
[Site "Willingen GER"]
[Date "2024.05.22"]
[Round "6"]
[White "Nikolic, Luka"]
[Black "Bentele, Otto"]
[Result "1-0"]
[Termination "normal"]
[Board "20"]
[WhiteElo "1145"]
[BlackElo "1538"]
[WhiteClock "00:31:20"]
[BlackClock "00:39:28"]
[PlyCount "107"]
[WhiteFideId "34655123"]
[BlackFideId "34653643"]
[EventCountry "GER"]
[EventRounds "11"]
[EventType "swiss"]
[EventDate "2024.05.18"]

1. d4 {[%clk 01:15:58]} {[%emt 00:00:01]} d5 {[%clk 01:15:53]} {[%emt
00:00:08]} 2. c4 {[%clk 01:16:23]} {[%emt 00:00:05]} e6 {[%clk 01:16:14]}
{[%emt 00:00:10]} 3. Nc3 {[%clk 01:16:45]} {[%emt 00:00:07]} Nf6 {[%clk
01:16:33]} {[%emt 00:00:11]} 4. e3 {[%clk 01:16:42]} {[%emt 00:00:33]} Be7
{[%clk 01:16:52]} {[%emt 00:00:12]} 5. Nf3 {[%clk 01:17:04]} {[%emt 00:00:07]}
b6 {[%clk 01:16:48]} {[%emt 00:00:34]} 6. cxd5 {[%clk 01:16:53]} {[%emt
00:00:42]} exd5 {[%clk 01:17:04]} {[%emt 00:00:13]} 7. Bd3 {[%clk 01:16:21]}
{[%emt 00:01:02]} O-O {[%clk 01:16:28]} {[%emt 00:01:06]} 8. O-O {[%clk
01:16:39]} {[%emt 00:00:11]} Bb7 {[%clk 01:16:47]} {[%emt 00:00:11]} 9. Bd2
{[%clk 01:13:21]} {[%emt 00:03:49]} c5 {[%clk 01:16:48]} {[%emt 00:00:29]} 10.
b3 {[%clk 01:11:01]} {[%emt 00:02:50]} Nc6 {[%clk 01:16:16]} {[%emt 00:01:02]}
11. Bb5 {[%clk 01:08:50]} {[%emt 00:02:41]} a6 {[%clk 01:15:50]} {[%emt
00:00:56]} 12. Bxc6 {[%clk 01:06:36]} {[%emt 00:02:44]} Bxc6 {[%clk 01:16:07]}
{[%emt 00:00:13]} 13. dxc5 {[%clk 01:04:30]} {[%emt 00:02:36]} bxc5 {[%clk
01:15:53]} {[%emt 00:00:43]} 14. Re1 {[%clk 01:01:42]} {[%emt 00:03:19]} d4
{[%clk 01:07:37]} {[%emt 00:08:46]} 15. exd4 {[%clk 00:56:21]} {[%emt
00:05:51]} cxd4 {[%clk 01:07:25]} {[%emt 00:00:42]} 16. Nxd4 {[%clk 00:52:26]}
{[%emt 00:04:25]} Qxd4 {[%clk 01:06:03]} {[%emt 00:01:52]} 17. Rxe7 {[%clk
00:49:46]} {[%emt 00:03:10]} Nd5 {[%clk 01:02:39]} {[%emt 00:03:53]} 18. Re4
{[%clk 00:45:51]} {[%emt 00:04:26]} Qc5 {[%clk 01:00:24]} {[%emt 00:02:43]} 19.
Rc4 {[%clk 00:44:40]} {[%emt 00:01:43]} Qb6 {[%clk 00:58:19]} {[%emt 00:02:33]}
20. Nxd5 {[%clk 00:41:40]} {[%emt 00:03:31]} Bxd5 {[%clk 00:56:31]} {[%emt
00:02:18]} 21. Be3 {[%clk 00:40:12]} {[%emt 00:01:59]} Qf6 {[%clk 00:55:43]}
{[%emt 00:01:18]} 22. Rf4 {[%clk 00:39:58]} {[%emt 00:00:43]} Qd6 {[%clk
00:52:15]} {[%emt 00:03:59]} 23. Rd4 {[%clk 00:39:17]} {[%emt 00:01:11]} Rfd8
{[%clk 00:52:07]} {[%emt 00:00:38]} 24. Qd2 {[%clk 00:38:51]} {[%emt 00:00:57]}
Rd7 {[%clk 00:50:36]} {[%emt 00:02:00]} 25. Rd1 {[%clk 00:38:04]} {[%emt
00:01:18]} Rad8 {[%clk 00:50:52]} {[%emt 00:00:13]} 26. Qa5 {[%clk 00:37:23]}
{[%emt 00:01:12]} Qc6 {[%clk 00:48:30]} {[%emt 00:02:50]} 27. h3 {[%clk
00:35:15]} {[%emt 00:02:40]} h6 {[%clk 00:48:34]} {[%emt 00:00:26]} 28. f3
{[%clk 00:33:52]} {[%emt 00:01:53]} Qe6 {[%clk 00:46:53]} {[%emt 00:02:10]} 29.
Bf4 {[%clk 00:32:10]} {[%emt 00:02:13]} Bb7 {[%clk 00:43:11]} {[%emt 00:04:11]}
30. Qxd8+ {[%clk 00:31:47]} {[%emt 00:00:53]} Rxd8 {[%clk 00:43:29]} {[%emt
00:00:13]} 31. Rxd8+ {[%clk 00:31:58]} {[%emt 00:00:19]} Kh7 {[%clk 00:43:37]}
{[%emt 00:00:21]} 32. R8d7 {[%clk 00:30:50]} {[%emt 00:01:39]} Bc6 {[%clk
00:43:01]} {[%emt 00:01:06]} 33. R7d6 {[%clk 00:31:03]} {[%emt 00:00:18]} Qc8
{[%clk 00:42:52]} {[%emt 00:00:39]} 34. Rc1 {[%clk 00:31:20]} {[%emt 00:00:12]}
Qb7 {[%clk 00:43:02]} {[%emt 00:00:20]} 35. Rcxc6 {[%clk 00:31:23]} {[%emt
00:00:28]} Qb4 {[%clk 00:43:10]} {[%emt 00:00:19]} 36. Bd2 {[%clk 00:31:11]}
{[%emt 00:00:43]} Qa3 {[%clk 00:42:20]} {[%emt 00:01:20]} 37. Rxa6 {[%clk
00:31:20]} {[%emt 00:00:22]} Qb2 {[%clk 00:42:34]} {[%emt 00:00:16]} 38. b4
{[%clk 00:31:24]} {[%emt 00:00:26]} Qb1+ {[%clk 00:42:07]} {[%emt 00:00:55]}
39. Kh2 {[%clk 00:31:41]} {[%emt 00:00:15]} Qb2 {[%clk 00:41:59]} {[%emt
00:00:37]} 40. a4 {[%clk 00:31:45]} {[%emt 00:00:27]} Qe5+ {[%clk 00:42:03]}
{[%emt 00:00:25]} 41. f4 {[%clk 00:31:35]} {[%emt 00:00:41]} Qe4 {[%clk
00:41:39]} {[%emt 00:00:54]} 42. b5 {[%clk 00:31:39]} {[%emt 00:00:27]} h5
{[%clk 00:40:02]} {[%emt 00:02:05]} 43. b6 {[%clk 00:31:03]} {[%emt 00:01:08]}
h4 {[%clk 00:39:31]} {[%emt 00:01:00]} 44. Ra5 {[%clk 00:30:36]} {[%emt
00:00:57]} Qe7 {[%clk 00:39:17]} {[%emt 00:00:44]} 45. Bb4 {[%clk 00:29:08]}
{[%emt 00:01:58]} g6 {[%clk 00:38:52]} {[%emt 00:00:54]} 46. Rh5+ {[%clk
00:29:25]} {[%emt 00:00:14]} gxh5 {[%clk 00:38:29]} {[%emt 00:00:51]} 47. Rh6+
{[%clk 00:29:48]} {[%emt 00:00:09]} Kxh6 {[%clk 00:38:53]} {[%emt 00:00:06]}
48. Bxe7 {[%clk 00:30:15]} {[%emt 00:00:04]} f5 {[%clk 00:38:49]} {[%emt
00:00:33]} 49. b7 {[%clk 00:30:24]} {[%emt 00:00:21]} Kg7 {[%clk 00:39:07]}
{[%emt 00:00:11]} 50. b8=Q {[%clk 00:30:52]} {[%emt 00:00:04]} Kh7 {[%clk
00:39:08]} {[%emt 00:00:28]} 51. Qf8 {[%clk 00:30:43]} {[%emt 00:00:38]} Kg6
{[%clk 00:39:20]} {[%emt 00:00:18]} 52. Qf6+ {[%clk 00:31:02]} {[%emt
00:00:11]} Kh7 {[%clk 00:39:38]} {[%emt 00:00:13]} 53. Bf8 {[%clk 00:31:28]}
{[%emt 00:00:05]} Kg8 {[%clk 00:39:28]} {[%emt 00:00:39]} 54. Qg7# {[%clk
00:31:20]} {[%emt 00:00:07]} 1-0